000 01306nam a2200301Ia 4500
001 23603
003 IT-RoPAU
008 130308s9999 xx 000 0 und d
040 _aIT-RoPAU
040 _cIT-RoPAU
041 _aITALIANO
100 _aDe Natale Marco
100 _gCodice Aut. SPICS: 814
245 _aStrutture e forme della musica come processi simbolici
245 _bStrutture e forme della Musica Come Processi Simbolici
250 _a1a ed.
260 _aNAPOLI
260 _bMorano
260 _c1978 [1° Ed.:1978 - Ed.Ling.Originale:1978]
300 _a"390 p. (prefazione: no ; testo: 390)"
500 _aSemantica della Musica Contenutismo e formalismo Significato e Motivazionedenotazione e Connotazione pensiero Musicale Spazio Diastematico Intervalli Melodici e Armonici tonalità ritmo Musicale ritmo Come Velocità di Scorrimento ritmo Come Struttura delle Trasformazioni Dinamiche Forma Musicale Come Struttura D'Azione Interpenetrazione delle Categorie Linguistiche in Musica Tema e Composizione Musicale Universo Musicale Timbrico Dinamico Composizione Timbrico Strumentale Simbolismo Musicale Teoria del Sonor
650 _aLINGUAGGIO MUSICALE
650 _eCodice materia Spics: 7004
942 _cBK
957 _71
999 _c73675
_d73675
999 _bSI
999 _g1